[Event "GER CCM-E03-C email"]
[Site "GER email"]
[Date "2019.06.19"]
[Round "?"]
[White "Ronquillo Tamarit, Walfredo"]
[Black "Carapinha, Francisco"]
[Result "1/2-1/2"]
[WhiteElo "2229"]
[BlackElo "2260"]
[PlyCount "70"]
[EventDate "2019.??.??"]
[EventType "tourn (corr)"]
[EventRounds "13"]
[EventCountry "GER"]
[SourceTitle "Corr 2022"]
[Source "ChessBase"]
[SourceDate "2021.10.24"]
[SourceVersion "1"]
[SourceVersionDate "2021.10.24"]
[SourceQuality "1"]

1. e4 e5 2. Nf3 Nc6 3. Bb5 a6 4. Ba4 Nf6 5. 0-0 Be7 6. Re1 b5 7. Bb3 d6 8. c3 0-0 9. h3 Bb7 10. d4 Re8 11. Nbd2 Bf8 12. d5 Nb8 13. Nf1 Nbd7 14. Ng3 Nc5 15. Bc2 c6 16. b4 Ncd7 17. dxc6 Bxc6 18. Bb3 h6 19. Nh4 Bb7 20. Nhf5 Nb6 21. Nh5 Nc4 22. a4 d5 23. axb5 axb5 24. Rxa8 Bxa8 25. exd5 Nxh5 26. Qxh5 Bxd5 27. Rd1 Qa8 28. Qg4 Kh8 29. Bc2 Re6 30. Ne3 Nxe3 31. Bxe3 Kg8 32. Bd3 Bb3 33. Re1 Qc6 34. Qe4 Qxe4 35. Bxe4 g6 1/2-1/2

[Event "GER CCM-E03-C email"]
[Site "GER email"]
[Date "2019.06.19"]
[Round "?"]
[White "Ronquillo Tamarit, Walfredo"]
[Black "Sostaric, Denis"]
[Result "1/2-1/2"]
[WhiteElo "2229"]
[BlackElo "2273"]
[PlyCount "58"]
[EventDate "2019.??.??"]
[EventType "tourn (corr)"]
[EventRounds "13"]
[EventCountry "GER"]
[SourceTitle "Corr 2022"]
[Source "ChessBase"]
[SourceDate "2021.10.24"]
[SourceVersion "1"]
[SourceVersionDate "2021.10.24"]
[SourceQuality "1"]

1. e4 c6 2. d4 d5 3. e5 c5 4. c3 Nc6 5. Nf3 cxd4 6. cxd4 Bg4 7. Be2 e6 8. 0-0 Qb6 9. Nbd2 Nge7 10. h3 Bh5 11. a3 Rc8 12. Qa4 Qa5 13. Qb3 Qc7 14. Rd1 a6 15. Qa2 Nf5 16. b4 Nh4 17. g4 Nxf3+ 18. Nxf3 Bg6 19. Be3 Be7 20. Rac1 0-0 21. Qb2 Qd8 22. Nd2 f5 23. f4 fxg4 24. hxg4 Qe8 25. Nb3 Qf7 26. Rf1 Be4 27. Bf3 Bd3 28. Be2 Be4 29. Bf3 Bd3 1/2-1/2